Ángel Haché en escena / (Registro nro. 14324)

Detalles MARC
000 -LIDER
fixed length control field 01260nam a2200349 a 4500
001 - NÚMERO DE CONTROL
Identificador de número de control 000014704
003 - IDENTIFICACDOR DE NÚMERO DE CONTROL
control field DO-SdBNP
005 - DATE AND TIME OF LATEST TRANSACTION
control field 20221114121312.0
008 - ELEMENTOS DE LONGITUD FIJA
fixed length control field 100119s2009 dr ac r 000 0 spa d
020 ## - ISBN
International Standard Book Number 9789945443448
040 ## - FUENTE DE CATALOGACIÓN
Agencia que crea de manera original el registro DO-SdBNP
Idioma de catalogación spa
Agencia que realiza la transcripción BPMSU
082 ## - NÚMERO DE CLASIFICACIÓN DECIMAL DE DEWEY
Classification number 927.929
Item number H117T 2009
Edition number 22
100 1# - ASIENTO PRINCIPAL -- NOMBRE PERSONAL
Nombre personal Tolentino, Marianne de
245 10 - MENCIÓN DE TITULO
Título Ángel Haché en escena /
Mención de responsabilidad Marianne de Tolentino ; presentación Augusto Feria.
260 ## - PUBLICACIÓN, DISTRIBUCIÓN, ETC. (PIE DE IMPRENTA)
Lugar de publicación, distribución, etc Santo Domingo :
Nombre del editor, distribuidor, etc. Banco Central de la República Dominicana,
Fecha de publicación, distribución, etc 2009.
300 ## - DESCRIPCIÓN FÍSICA
Extensión 190 p. :
Otros detalles físicos il. ; retrs. ;
Dimensiones 28 cm.
490 0# - MENCIÓN DE SERIES
Mención de serie Banco Central de la República Dominicana ;
-- Arte y literatura
Volume/sequential designation 116
500 ## - NOTA GENERAL
Nota general Incluye índice onomástico
500 ## - NOTA GENERAL
Nota general Incluye notas al pie de las páginas
504 ## - NOTA DE BIBLIOGRAFÍA, ETC.
Bibliography, etc Bibliografía : p. 182
590 ## - NOTA LOCAL
Texto de la nota local Inventariado, 2022/VM
600 14 - ENCABEZAMIENTO DE MATERIA--NOMBRE PERSONAL
Nombre personal Haché, ÁngeL,
Fechas asociadas con el nombre 1943-
650 #4 - ENCABEZAMIENTO DE MATERIA--TEMÁTICO
Término temático o nombre geográfico como elemento de entrada Artistas dominicanos
Subdivisión temática general Biografías
650 #4 - ENCABEZAMIENTO DE MATERIA--TEMÁTICO
Término temático o nombre geográfico como elemento de entrada Actores
Subdivisión geográfica República Dominicana
650 #4 - ENCABEZAMIENTO DE MATERIA--TEMÁTICO
Término temático o nombre geográfico como elemento de entrada Productores y directores teatrales
Subdivisión geográfica República Dominicana
650 #4 - ENCABEZAMIENTO DE MATERIA--TEMÁTICO
Término temático o nombre geográfico como elemento de entrada Actuación cinematográfica
700 1# - ASIENTO SECUNDARIO -- NOMBRE PERSONAL
Nombre personal Feria, Augusto
Mención de responsabilidad ed.
830 #0 - ASIENTO SECUNDARIO DE SERIE--TÍTULO UNIFORME
Título uniforme Banco Central de la República Dominicana
Número de la parte o sección de una obra 116
830 #0 - ASIENTO SECUNDARIO DE SERIE--TÍTULO UNIFORME
Título uniforme Arte y Literatura
Número de la parte o sección de una obra 50
910 ## - VALIDACIÓN
Validación VMateo V./Validado
942 ## - ADDED ENTRY ELEMENTS (KOHA)
Source of classification or shelving scheme Dewey Decimal Classification
Koha item type Libros
Existencias
Withdrawn status Lost status Source of classification or shelving scheme Damaged status Not for loan Collection code Home library Current library Date acquired Total Checkouts Full call number Barcode Date last seen Price effective from Koha item type
    Dewey Decimal Classification     Colección Dominicana Biblioteca Pública Metropolitana Salomé Ureña Biblioteca Pública Metropolitana Salomé Ureña 11/14/2022   BPMSU CD 927.929 H117T 2009 BPMSU22110009 11/14/2022 11/14/2022 Libros